LIBRARY & INFORMATION CENTRE, KCAET, TAVANUR

ONLINE PUBLIC ACCESS CATALOGUE (OPAC)

Vaidhyutha engineering adhishtitha tatwangal, Vol 2 / (Record no. 10923)

MARC details
000 -LEADER
fixed length control field 00566cam a2200217ua 4500
041 ## - LANGUAGE CODE
Language code of text/sound track or separate title mal
082 ## - DEWEY DECIMAL CLASSIFICATION NUMBER
Classification number 621.3
Item number HEI/VA
100 ## - MAIN ENTRY--AUTHOR NAME
Personal name Graff, Heinz .
245 ## - TITLE STATEMENT
Title Vaidhyutha engineering adhishtitha tatwangal, Vol 2 /
250 ## - EDITION STATEMENT
Edition statement 1 /
260 ## - PUBLICATION, DISTRIBUTION, ETC. (IMPRINT)
Place of publication Thiruvananthapuram :
Name of publisher State Instititute of Languages ,
Year of publication 1975.
300 ## - PHYSICAL DESCRIPTION
Number of Pages 234 ; .
942 ## - ADDED ENTRY ELEMENTS (KOHA)
Koha item type Books
Holdings
Withdrawn status Lost status Damaged status Home library Current library Date acquired Full call number Accession Number Koha item type
      KAUAET KAUAET 07/04/2012 621.3 14217 Books
      KAUAET KAUAET 07/04/2012 621.3 14221 Books
      KAUAET KAUAET 07/04/2012 621.3 14218 Books
      KAUAET KAUAET 07/04/2012 621.3 14219 Books
free website counter